[Event "4th Chessfestival Gredine 2018"]
[Site "Ortisei"]
[Date "2018.06.22"]
[Round "7.12"]
[White "Sarkar, Justin"]
[Black "Movileanu, Daniela"]
[Result "1-0"]
[WhiteElo "2297"]
[BlackElo "2199"]
[Annotator "NA"]
[PlyCount "83"]
[EventDate "2018.06.16"]
[EventType "swiss"]
[EventCountry "ITA"]
[SourceTitle "playchess.com"]
[Source "ChessBase"]
[SourceQuality "1"]
[TimeControl "40/5400+30:1800+30"]

1. d4 {[%emt 0:00:30]} Nf6 {[%emt 0:01:00]} 2. c4 {[%emt 0:00:30]} g6 {[%emt 0:00:30]} 3. Nc3 {[%emt 0:00:30]} d5 {[%emt 0:00:00]} 4. Qb3 {[%emt 0:00:30]} e6 {[%emt 0:02:00]} 5. Bg5 {[%emt 0:02:30]} c6 {[%emt 0:01:30]} 6. e3 {[%emt 0:06:30]} h6 {[%emt 0:06:30]} 7. Bh4 {[%emt 0:00:30]} Be7 {[%emt 0:05:30]} 8. Nf3 {[%emt 0:01:30]} Nbd7 {[%emt 0:01:30]} 9. Bd3 {[%emt 0:06:30]} O-O {[%emt 0:15:30]} 10. Qc2 {[%emt 0:25:30]} Kg7 {[%emt 0:01:30]} 11. O-O {[%emt 0:04:30]} b6 {[%emt 0:12:30]} 12. e4 {[%emt 0:04:30]} dxe4 {[%emt 0:04:30]} 13. Nxe4 {[%emt 0:00:30]} Nxe4 {[%emt 0:02:30]} 14. Bxe7 {[%emt 0:00:30]} Qxe7 {[%emt 0:00:30]} 15. Bxe4 {[%emt 0:00:00]} Bb7 {[%emt 0:00:30]} 16. Rfe1 {[%emt 0:00:00]} Rfd8 {[%emt 0:05:30]} 17. Rad1 {[%emt 0:10:30]} Qd6 {[%emt 0:07:30]} 18. Qc3 {[%emt 0:01:30]} Nf6 {[%emt 0:06:30]} 19. Bc2 {[%emt 0:00:30]} c5 {[%emt 0:00:30]} 20. dxc5 {[%emt 0:01:30]} Qxc5 {[%emt 0:00:30]} 21. Ne5 {[%emt 0:00:30]} Qe7 {[%emt 0:04:30]} 22. b4 {[%emt 0:01:30]} Rxd1 {[%emt 0:02:03]} 23. Rxd1 {[%emt 0:00:30]} Rd8 {[%emt 0:00:05]} 24. Rxd8 {[%emt 0:00:30]} Qxd8 {[%emt 0:00:06]} 25. f3 {[%emt 0:00:30]} Kg8 {[%emt 0:02:03]} 26. Kf2 {[%emt 0:00:30]} h5 {[%emt 0:01:52]} 27. c5 {[%emt 0:04:30]} bxc5 {[%emt 0:01:16]} 28. bxc5 {[%emt 0:00:30]} Nd5 {[%emt 0:01:56]} 29. Qd4 {[%emt 0:00:30]} Qc7 {[%emt 0:00:05]} 30. h4 {[%emt 0:05:30]} Ba6 {[%emt 0:08:57]} 31. Be4 {[%emt 0:05:39]} Bb7 {[%emt 0:00:29]} 32. Nc4 {[%emt 0:04:54]} Qf4 {[%emt 0:03:48]} 33. g3 {[%emt 0:05:21]} Qc1 {[%emt 0:00:05]} 34. Nd6 {[%emt 0:03:08]} Bc6 {[%emt 0:02:22]} 35. Nc8 {[%emt 0:00:16]} Qh1 {[%emt 0:01:08]} 36. Bxd5 {[%emt 0:00:38]} Qh2+ {[%emt 0:00:09]} 37. Kf1 {[%emt 0:00:59]} Qh3+ {[%emt 0:00:51]} 38. Ke2 {[%emt 0:00:41]} Qg2+ {[%emt 0:00:31]} 39. Qf2 {[%emt 0:00:44]} Bb5+ {[%emt 0:00:14]} 40. Ke3 {[%emt 0:00:22]} Qxf2+ {[%emt 0:30:17]} 41. Kxf2 {[%emt 0:30:08]} exd5 {[%emt 0:00:03]} 42. Nxa7 {[%emt 0:00:00]} 1-0

[Event "4th Chessfestival Gredine 2018"]
[Site "Ortisei"]
[Date "2018.06.22"]
[Round "7.13"]
[White "Johnsen, Gunnar"]
[Black "Thiel, Thomas"]
[Result "0-1"]
[WhiteElo "2188"]
[BlackElo "2261"]
[Annotator "NA"]
[PlyCount "62"]
[EventDate "2018.06.16"]
[EventType "swiss"]
[EventCountry "ITA"]
[SourceTitle "playchess.com"]
[Source "ChessBase"]
[SourceQuality "1"]
[TimeControl "40/5400+30:1800+30"]

1. Nf3 {[%emt 0:00:30]} d5 {[%emt 0:01:00]} 2. c4 {[%emt 0:00:00]} c6 {[%emt 0:00:00]} 3. d4 {[%emt 0:00:00]} Nf6 {[%emt 0:00:00]} 4. cxd5 {[%emt 0:00:30]} cxd5 {[%emt 0:00:00]} 5. Nc3 {[%emt 0:00:30]} Nc6 {[%emt 0:01:00]} 6. Bf4 {[%emt 0:00:30]} Bf5 {[%emt 0:00:00]} 7. e3 {[%emt 0:00:30]} e6 {[%emt 0:00:00]} 8. Qb3 {[%emt 0:00:00]} Bb4 {[%emt 0:00:30]} 9. Bb5 {[%emt 0:00:00]} O-O {[%emt 0:18:30]} 10. Bxc6 {[%emt 0:04:30]} Bxc3+ {[%emt 0:00:30]} 11. Qxc3 {[%emt 0:00:00]} Ne4 {[%emt 0:02:30]} 12. Qa3 {[%emt 0:01:00]} bxc6 {[%emt 0:00:30]} 13. O-O {[%emt 0:01:30]} Qb6 {[%emt 0:17:30]} 14. Rfc1 {[%emt 0:11:30]} Rfc8 {[%emt 0:15:30]} 15. Ne5 {[%emt 0:04:30]} c5 {[%emt 0:08:30]} 16. f3 {[%emt 0:09:30]} cxd4 {[%emt 0:12:30]} 17. fxe4 {[%emt 0:03:30]} Bxe4 {[%emt 0:00:00]} 18. Nf3 {[%emt 0:13:30]} d3 {[%emt 0:12:25]} 19. Qb3 {[%emt 0:05:30]} f6 {[%emt 0:00:08]} 20. Qxb6 {[%emt 0:11:30]} axb6 {[%emt 0:00:05]} 21. a3 {[%emt 0:00:00]} Kf7 {[%emt 0:00:34]} 22. Bd6 {[%emt 0:04:00]} e5 {[%emt 0:01:31]} 23. Nd2 {[%emt 0:01:30]} Ke6 {[%emt 0:00:30]} 24. Nxe4 {[%emt 0:02:30]} dxe4 {[%emt 0:00:06]} 25. Bb4 {[%emt 0:00:00]} f5 {[%emt 0:00:36]} 26. Bd2 {[%emt 0:01:00]} g5 {[%emt 0:00:15]} 27. g3 {[%emt 0:00:30]} Kd5 {[%emt 0:00:24]} 28. b3 {[%emt 0:11:33]} Rxc1+ {[%emt 0:00:34]} 29. Bxc1 {[%emt 0:00:13]} Rc8 {[%emt 0:00:04]} 30. Bd2 {[%emt 0:00:39]} Rc2 {[%emt 0:00:10]} 31. Rd1 {[%emt 0:00:20]} Rb2 {[%emt 0:01:15]} 0-1

[Event "4th Chessfestival Gredine 2018"]
[Site "Ortisei"]
[Date "2018.06.22"]
[Round "7.14"]
[White "Wecker, Martin"]
[Black "Curien, Nicolas"]
[Result "0-1"]
[WhiteElo "2143"]
[BlackElo "2204"]
[Annotator "NA"]
[PlyCount "50"]
[EventDate "2018.06.16"]
[EventType "swiss"]
[EventCountry "ITA"]
[SourceTitle "playchess.com"]
[Source "ChessBase"]
[SourceQuality "1"]
[TimeControl "40/5400+30:1800+30"]

1. d4 {[%emt 0:00:30]} d5 {[%emt 0:01:00]} 2. c4 {[%emt 0:00:00]} e6 {[%emt 0:00:00]} 3. Nf3 {[%emt 0:00:00]} Nf6 {[%emt 0:01:00]} 4. g3 {[%emt 0:00:30]} Be7 {[%emt 0:01:30]} 5. Bg2 {[%emt 0:00:30]} O-O {[%emt 0:00:30]} 6. O-O {[%emt 0:00:00]} dxc4 {[%emt 0:00:00]} 7. Ne5 {[%emt 0:00:00]} c5 {[%emt 0:01:00]} 8. dxc5 {[%emt 0:00:30]} Qc7 {[%emt 0:00:30]} 9. Nxc4 {[%emt 0:00:00]} Qxc5 {[%emt 0:00:30]} 10. b3 {[%emt 0:00:00]} Rd8 {[%emt 0:04:30]} 11. Qc2 {[%emt 0:00:30]} Qh5 {[%emt 0:08:30]} 12. Bb2 {[%emt 0:14:30]} Nc6 {[%emt 0:02:30]} 13. Rd1 {[%emt 0:09:30]} Bd7 {[%emt 0:20:30]} 14. Nc3 {[%emt 0:05:30]} Nb4 {[%emt 0:05:30]} 15. Qc1 {[%emt 0:02:30]} Bc6 {[%emt 0:01:30]} 16. a3 {[%emt 0:06:30]} Bxg2 {[%emt 0:03:30]} 17. Kxg2 {[%emt 0:02:30]} Rxd1 {[%emt 0:03:30]} 18. Qxd1 {[%emt 0:08:30]} Rd8 {[%emt 0:00:30]} 19. Qb1 {[%emt 0:00:30]} Nbd5 {[%emt 0:04:30]} 20. e4 {[%emt 0:09:30]} Nxc3 {[%emt 0:07:30]} 21. Bxc3 {[%emt 0:00:30]} Ng4 {[%emt 0:07:30]} 22. h3 {[%emt 0:06:30]} Nxf2 {[%emt 0:01:30]} 23. Kxf2 {[%emt 0:01:30]} Bc5+ {[%emt 0:00:30]} 24. Ne3 {[%emt 0:00:30]} Bxe3+ {[%emt 0:03:30]} 25. Kxe3 {[%emt 0:00:30]} Qc5+ {[%emt 0:00:00]} 0-1

[Event "4th Chessfestival Gredine 2018"]
[Site "Ortisei"]
[Date "2018.06.22"]
[Round "7.15"]
[White "Lorscheid, Gerhard"]
[Black "Landi, Alberto"]
[Result "1/2-1/2"]
[WhiteElo "2200"]
[BlackElo "2198"]
[Annotator "NA"]
[PlyCount "23"]
[EventDate "2018.06.16"]
[EventType "swiss"]
[EventCountry "ITA"]
[SourceTitle "playchess.com"]
[Source "ChessBase"]
[SourceQuality "1"]
[TimeControl "40/5400+30:1800+30"]

1. d4 {[%emt 0:00:30]} d5 {[%emt 0:01:00]} 2. c4 {[%emt 0:00:00]} e6 {[%emt 0:00:00]} 3. Nc3 {[%emt 0:00:00]} c6 {[%emt 0:00:00]} 4. e3 {[%emt 0:00:30]} Nf6 {[%emt 0:00:00]} 5. Nf3 {[%emt 0:00:00]} Nbd7 {[%emt 0:00:00]} 6. Qc2 {[%emt 0:00:00]} Bd6 {[%emt 0:00:30]} 7. b3 {[%emt 0:00:30]} O-O {[%emt 0:00:00]} 8. Bb2 {[%emt 0:00:00]} b6 {[%emt 0:01:00]} 9. Bd3 {[%emt 0:01:00]} Bb7 {[%emt 0:01:30]} 10. O-O {[%emt 0:00:30]} Qe7 {[%emt 0:06:30]} 11. Rfe1 {[%emt 0:02:30]} c5 {[%emt 0:13:30]} 12. cxd5 {[%emt 0:00:30]} 1/2-1/2

[Event "4th Chessfestival Gredine 2018"]
[Site "Ortisei"]
[Date "2018.06.22"]
[Round "7.16"]
[White "Arne, Mike"]
[Black "Tan, Justin"]
[Result "0-1"]
[WhiteElo "2181"]
[BlackElo "2484"]
[Annotator "TA"]
[PlyCount "62"]
[EventDate "2018.06.16"]
[EventType "swiss"]
[EventCountry "ITA"]
[SourceTitle "playchess.com"]
[Source "ChessBase"]
[SourceQuality "1"]

{[%evp 13,62,-6,38,0,0,0,0,0,30,-25,0,-104,-95,-87,-44,-68,-44,-45,-37,-97,-90,-88,-91,-129,-125,-147,-132,-418,-402,-468,-470,-478,-486,-451,-447,-477,-478,-956,-944,-2068,-2040,-2043,-2050,-2051,-2015,-1998,-1931,-1060,-985,-29992,-29983]} 1. e4 e6 2. d4 d5 3. e5 c5 4. c3 Nc6 5. Nf3 Bd7 6. Be2 Nge7 {[%cal Bg8e7,Be7f5,Bf5e3][%mdl 32]} 7. O-O Rc8 {LiveBook: 58 Games} 8. Nbd2 $146 {C02: French: Advance Variation} ({Predecessor:} 8. Na3 cxd4 9. cxd4 Nf5 10. Nc2 Qb6 11. g4 Nfe7 12. Bd2 h5 13. h3 Ng6 14. b4 hxg4 15. hxg4 Nh4 16. Nxh4 Rxh4 17. Bg5 Rh8 18. b5 Na5 19. Rb1 {1-0 (31) Volokitin,A (2638)-Morozevich,A (2731) Dubai 2014}) 8... cxd4 9. cxd4 Nf5 10. Nb3 {The position is equal.} Be7 11. Be3 ({White should try} 11. g4 Nh4 12. Nxh4 Bxh4 13. Be3) 11... O-O 12. g4 (12. Rc1 $11 {remains equal.}) 12... Nxe3 $17 13. fxe3 f6 14. exf6 Rxf6 15. Rc1 b6 16. g5 (16. a3 $15) 16... Rf8 17. h4 Bd6 18. Bd3 Qe8 19. g6 h6 {[%cal Bh7h6,Bh6g5][%mdl 32]} 20. Ng5 $2 {[%mdl 8192]} (20. a3 $17) 20... Rxf1+ $19 ({Not} 20... hxg5 21. Qh5 $17) 21. Kxf1 hxg5 22. Qh5 {[#]} Ne7 $1 {White must now prevent ...Bb5.} ({Worse is} 22... gxh4 23. Qh7+ Kf8 24. Qh8+ Ke7 25. Qxh4+ Kf8 26. Qh8+ Ke7 27. Qh4+ Kf8 28. Qh8+ Ke7 29. Qh4+ $11) 23. Qh7+ Kf8 {Hoping for ...Bb5.} 24. Qh8+ Ng8 {Strongly threatening ...Bb5.} 25. Rd1 (25. Rxc8 $142 Qxc8 26. hxg5) 25... Bb5 26. Bxb5 Qxb5+ 27. Kg1 {[#]} Bh2+ $1 {[%mdl 512]} 28. Kh1 (28. Kxh2 Qe2+) 28... Qe2 29. Rd2 {[#]} Rc1+ $1 {[%mdl 512]} 30. Nxc1 Qxd2 31. Nd3 Bg3 {Precision: White = 27%, Black = 80%.} 0-1

[Event "4th Chessfestival Gredine 2018"]
[Site "Ortisei"]
[Date "2018.06.22"]
[Round "7.17"]
[White "Fischer, Daniel"]
[Black "Voltolini, Giuseppe"]
[Result "1-0"]
[WhiteElo "2263"]
[BlackElo "2150"]
[Annotator "NA"]
[PlyCount "69"]
[EventDate "2018.06.16"]
[EventType "swiss"]
[EventCountry "ITA"]
[SourceTitle "playchess.com"]
[Source "ChessBase"]
[SourceQuality "1"]
[TimeControl "40/5400+30:1800+30"]

1. e4 {[%emt 0:00:30]} e6 {[%emt 0:01:00]} 2. d4 {[%emt 0:00:00]} d5 {[%emt 0:00:30]} 3. Nd2 {[%emt 0:00:00]} Nf6 {[%emt 0:00:30]} 4. e5 {[%emt 0:00:30]} Nfd7 {[%emt 0:00:30]} 5. Bd3 {[%emt 0:00:00]} c5 {[%emt 0:00:30]} 6. c3 {[%emt 0:00:00]} Nc6 {[%emt 0:00:30]} 7. Ne2 {[%emt 0:00:30]} cxd4 {[%emt 0:00:30]} 8. cxd4 {[%emt 0:00:00]} f6 {[%emt 0:00:30]} 9. exf6 {[%emt 0:00:00]} Nxf6 {[%emt 0:00:00]} 10. O-O {[%emt 0:00:30]} Bd6 {[%emt 0:00:00]} 11. Nf3 {[%emt 0:00:00]} Qc7 {[%emt 0:00:30]} 12. h3 {[%emt 0:00:00]} O-O {[%emt 0:02:30]} 13. Re1 {[%emt 0:00:30]} e5 {[%emt 0:07:30]} 14. dxe5 {[%emt 0:07:30]} Nxe5 {[%emt 0:00:30]} 15. Nxe5 {[%emt 0:00:30]} Bxe5 {[%emt 0:00:30]} 16. Qb3 {[%emt 0:02:30]} Be6 {[%emt 0:06:30]} 17. Be3 {[%emt 0:03:30]} Bf7 {[%emt 0:05:30]} 18. Rac1 {[%emt 0:12:30]} Qb8 {[%emt 0:02:30]} 19. Nd4 {[%emt 0:07:30]} Bh2+ {[%emt 0:03:30]} 20. Kh1 {[%emt 0:03:30]} Bf4 {[%emt 0:00:30]} 21. Bf5 {[%emt 0:19:30]} Re8 {[%emt 0:09:30]} 22. g3 {[%emt 0:11:30]} Bxe3 {[%emt 0:01:30]} 23. Rxe3 {[%emt 0:00:30]} Rxe3 {[%emt 0:07:30]} 24. Qxe3 {[%emt 0:00:30]} Qd6 {[%emt 0:00:30]} 25. Kg2 {[%emt 0:05:30]} a6 {[%emt 0:08:30]} 26. Qb3 {[%emt 0:05:30]} b5 {[%emt 0:00:30]} 27. Rc6 {[%emt 0:02:49]} Qe5 {[%emt 0:01:30]} 28. Qc3 {[%emt 0:01:09]} g6 {[%emt 0:04:30]} 29. Be6 {[%emt 0:04:22]} b4 {[%emt 0:18:24]} 30. Qxb4 {[%emt 0:03:03]} Rb8 {[%emt 0:00:48]} 31. Qe7 {[%emt 0:04:09]} Qxd4 {[%emt 0:01:44]} 32. Bxf7+ {[%emt 0:01:07]} Kg7 {[%emt 0:00:19]} 33. Be8+ {[%emt 0:03:02]} Kh6 {[%emt 0:00:23]} 34. Qf8+ {[%emt 0:01:32]} Kh5 {[%emt 0:01:40]} 35. Bxg6+ {[%emt 0:01:13]} 1-0

[Event "4th Chessfestival Gredine 2018"]
[Site "Ortisei"]
[Date "2018.06.22"]
[Round "7.18"]
[White "De Vita, Gianni"]
[Black "Dittmar, Peter"]
[Result "0-1"]
[WhiteElo "2036"]
[BlackElo "2252"]
[Annotator "NA"]
[PlyCount "144"]
[EventDate "2018.06.16"]
[EventType "swiss"]
[EventCountry "ITA"]
[SourceTitle "playchess.com"]
[Source "ChessBase"]
[SourceQuality "1"]
[TimeControl "40/5400+30:1800+30"]

1. e4 {[%emt 0:10:30]} c6 {[%emt 0:07:00]} 2. d4 {[%emt 0:00:30]} d5 {[%emt 0:00:30]} 3. Nd2 {[%emt 0:00:30]} dxe4 {[%emt 0:00:30]} 4. Nxe4 {[%emt 0:00:30]} Qc7 {[%emt 0:00:30]} 5. Bc4 {[%emt 0:00:30]} Bf5 {[%emt 0:00:30]} 6. Ng3 {[%emt 0:00:30]} Bg6 {[%emt 0:00:30]} 7. Nh3 {[%emt 0:00:30]} Nf6 {[%emt 0:00:30]} 8. Nf4 {[%emt 0:00:30]} e6 {[%emt 0:00:30]} 9. Bb3 {[%emt 0:00:30]} Bd6 {[%emt 0:00:30]} 10. Qf3 {[%emt 0:00:30]} Nd5 {[%emt 0:10:30]} 11. Nge2 {[%emt 0:14:30]} a5 {[%emt 0:02:30]} 12. c3 {[%emt 0:00:30]} a4 {[%emt 0:00:30]} 13. Nxg6 {[%emt 0:00:30]} hxg6 {[%emt 0:00:30]} 14. Bc2 {[%emt 0:00:30]} Nd7 {[%emt 0:00:30]} 15. Bg5 {[%emt 0:07:30]} Qa5 {[%emt 0:20:30]} 16. h4 {[%emt 0:00:30]} N5b6 {[%emt 0:03:30]} 17. g3 {[%emt 0:04:30]} Nc4 {[%emt 0:09:30]} 18. Rb1 {[%emt 0:01:30]} e5 {[%emt 0:03:30]} 19. O-O {[%emt 0:01:30]} O-O {[%emt 0:02:30]} 20. Bd3 {[%emt 0:17:30]} exd4 {[%emt 0:07:30]} 21. cxd4 {[%emt 0:08:30]} Ncb6 {[%emt 0:07:30]} 22. Qg4 {[%emt 0:02:30]} Rfe8 {[%emt 0:03:52]} 23. Nc3 {[%emt 0:05:30]} Nf8 {[%emt 0:00:53]} 24. Be3 {[%emt 0:10:37]} Nd5 {[%emt 0:01:11]} 25. Nxd5 {[%emt 0:00:15]} Qxd5 {[%emt 0:00:10]} 26. a3 {[%emt 0:02:29]} Nh7 {[%emt 0:03:33]} 27. Rfe1 {[%emt 0:01:40]} Nf6 {[%emt 0:01:11]} 28. Qe2 {[%emt 0:01:14]} Re7 {[%emt 0:01:02]} 29. Bc4 {[%emt 0:00:25]} Qa5 {[%emt 0:00:47]} 30. Qf3 {[%emt 0:01:35]} Rae8 {[%emt 0:00:27]} 31. Red1 {[%emt 0:00:39]} Qf5 {[%emt 0:02:05]} 32. Kg2 {[%emt 0:01:43]} Nd5 {[%emt 0:04:01]} 33. Bxd5 {[%emt 0:00:59]} Qxd5 {[%emt 0:00:08]} 34. Qxd5 {[%emt 0:00:51]} cxd5 {[%emt 0:00:08]} 35. b3 {[%emt 0:01:07]} Ra8 {[%emt 0:00:38]} 36. b4 {[%emt 0:00:29]} Rc8 {[%emt 0:00:16]} 37. Rbc1 {[%emt 0:00:51]} Rec7 {[%emt 0:01:07]} 38. Kf3 {[%emt 0:01:23]} Kf8 {[%emt 0:03:39]} 39. Rxc7 {[%emt 0:00:49]} Rxc7 {[%emt 0:00:08]} 40. Rd3 {[%emt 0:00:33]} Rc2 {[%emt 0:01:14]} 41. Bf4 {[%emt 0:03:21]} Ke7 {[%emt 0:12:30]} 42. Bxd6+ {[%emt 0:01:30]} Kxd6 {[%emt 0:00:00]} 43. Ke3 {[%emt 0:01:30]} Ra2 {[%emt 0:02:00]} 44. Rc3 {[%emt 0:02:30]} f6 {[%emt 0:00:30]} 45. Kf3 {[%emt 0:02:30]} Kd7 {[%emt 0:00:30]} 46. Ke3 {[%emt 0:01:30]} Rb2 {[%emt 0:00:00]} 47. f3 {[%emt 0:03:11]} b6 {[%emt 0:00:00]} 48. Rd3 {[%emt 0:07:57]} Kc6 {[%emt 0:08:24]} 49. Rc3+ {[%emt 0:03:34]} Kb5 {[%emt 0:00:09]} 50. Kd3 {[%emt 0:01:22]} Rg2 {[%emt 0:00:15]} 51. g4 {[%emt 0:01:05]} f5 {[%emt 0:03:28]} 52. gxf5 {[%emt 0:02:38]} gxf5 {[%emt 0:00:08]} 53. Ke3 {[%emt 0:00:47]} Rb2 {[%emt 0:03:34]} 54. Kd3 {[%emt 0:01:04]} f4 {[%emt 0:00:31]} 55. Rc7 {[%emt 0:00:57]} Rf2 {[%emt 0:01:10]} 56. Rxg7 {[%emt 0:01:23]} Rxf3+ {[%emt 0:00:11]} 57. Kd2 {[%emt 0:01:16]} Rxa3 {[%emt 0:01:41]} 58. Rg6 {[%emt 0:00:47]} Rh3 {[%emt 0:01:11]} 59. Rd6 {[%emt 0:00:46]} a3 {[%emt 0:02:18]} 60. Kc2 {[%emt 0:00:34]} Kc4 {[%emt 0:00:24]} 61. Rc6+ {[%emt 0:00:40]} Kxb4 {[%emt 0:00:51]} 62. Rxb6+ {[%emt 0:00:09]} Kc4 {[%emt 0:00:15]} 63. h5 {[%emt 0:01:11]} Rh2+ {[%emt 0:00:09]} 64. Kb1 {[%emt 0:00:01]} Rxh5 {[%emt 0:00:44]} 65. Rf6 {[%emt 0:00:34]} Kb3 {[%emt 0:00:14]} 66. Rb6+ {[%emt 0:00:19]} Kc3 {[%emt 0:00:10]} 67. Rf6 {[%emt 0:00:27]} Rh4 {[%emt 0:00:12]} 68. Ra6 {[%emt 0:00:20]} Rh1+ {[%emt 0:00:24]} 69. Ka2 {[%emt 0:00:07]} Kxd4 {[%emt 0:00:24]} 70. Rxa3 {[%emt 0:00:15]} Rc1 {[%emt 0:00:28]} 71. Kb2 {[%emt 0:00:10]} Rc8 {[%emt 0:00:18]} 72. Kb1 {[%emt 0:00:31]} Ke4 {[%emt 0:00:11]} 0-1

[Event "4th Chessfestival Gredine 2018"]
[Site "Ortisei"]
[Date "2018.06.22"]
[Round "7.19"]
[White "Jaracz, Barbara"]
[Black "Lumachi, Gabriele"]
[Result "0-1"]
[WhiteElo "2246"]
[BlackElo "1989"]
[Annotator "NA"]
[PlyCount "48"]
[EventDate "2018.06.16"]
[EventType "swiss"]
[EventCountry "ITA"]
[SourceTitle "playchess.com"]
[Source "ChessBase"]
[SourceQuality "1"]
[TimeControl "40/5400+30:1800+30"]

1. e4 {[%emt 0:00:30]} e5 {[%emt 0:01:00]} 2. Nf3 {[%emt 0:00:00]} Nc6 {[%emt 0:00:00]} 3. Bb5 {[%emt 0:00:00]} Nf6 {[%emt 0:00:00]} 4. d3 {[%emt 0:00:30]} Bc5 {[%emt 0:00:00]} 5. c3 {[%emt 0:01:30]} O-O {[%emt 0:00:00]} 6. O-O {[%emt 0:00:30]} d6 {[%emt 0:00:00]} 7. h3 {[%emt 0:00:30]} Ne7 {[%emt 0:02:00]} 8. Be3 {[%emt 0:05:30]} Bb6 {[%emt 0:02:30]} 9. Nbd2 {[%emt 0:07:30]} c6 {[%emt 0:00:30]} 10. Ba4 {[%emt 0:01:30]} Ng6 {[%emt 0:02:30]} 11. d4 {[%emt 0:02:30]} Re8 {[%emt 0:01:30]} 12. Bc2 {[%emt 0:01:30]} Nh5 {[%emt 0:15:30]} 13. Nc4 {[%emt 0:13:30]} exd4 {[%emt 0:09:30]} 14. Nxd4 {[%emt 0:14:30]} Nf6 {[%emt 0:02:30]} 15. Nxb6 {[%emt 0:10:30]} axb6 {[%emt 0:00:30]} 16. Nf5 {[%emt 0:06:30]} d5 {[%emt 0:03:30]} 17. Ng3 {[%emt 0:04:30]} Qc7 {[%emt 0:05:30]} 18. exd5 {[%emt 0:06:30]} Nxd5 {[%emt 0:01:30]} 19. Bd4 {[%emt 0:01:30]} Rd8 {[%emt 0:04:30]} 20. Nh5 {[%emt 0:05:07]} c5 {[%emt 0:11:30]} 21. Bxg7 {[%emt 0:05:33]} Ndf4 {[%emt 0:02:30]} 22. Bxg6 {[%emt 0:01:11]} Rxd1 {[%emt 0:06:30]} 23. Rfxd1 {[%emt 0:03:38]} fxg6 {[%emt 0:00:30]} 24. Nf6+ {[%emt 0:02:32]} Kf7 {[%emt 0:00:30]} 0-1

[Event "4th Chessfestival Gredine 2018"]
[Site "Ortisei"]
[Date "2018.06.22"]
[Round "7.20"]
[White "Dev, Shah"]
[Black "Podetti, Davide"]
[Result "1/2-1/2"]
[WhiteElo "1997"]
[BlackElo "2186"]
[Annotator "NA"]
[PlyCount "39"]
[EventDate "2018.06.16"]
[EventType "swiss"]
[EventCountry "ITA"]
[SourceTitle "playchess.com"]
[Source "ChessBase"]
[SourceQuality "1"]
[TimeControl "40/5400+30:1800+30"]

1. d4 {[%emt 0:00:30]} Nf6 {[%emt 0:01:00]} 2. Bf4 {[%emt 0:00:30]} e6 {[%emt 0:00:00]} 3. e3 {[%emt 0:00:30]} d5 {[%emt 0:00:00]} 4. Nf3 {[%emt 0:00:00]} Bd6 {[%emt 0:00:00]} 5. Bg3 {[%emt 0:00:00]} O-O {[%emt 0:00:00]} 6. c4 {[%emt 0:00:30]} dxc4 {[%emt 0:10:30]} 7. Bxc4 {[%emt 0:00:30]} a6 {[%emt 0:00:00]} 8. Nc3 {[%emt 0:02:30]} c5 {[%emt 0:02:00]} 9. dxc5 {[%emt 0:09:30]} Bxc5 {[%emt 0:01:30]} 10. Qe2 {[%emt 0:00:30]} b5 {[%emt 0:00:30]} 11. Bd3 {[%emt 0:02:30]} Bb7 {[%emt 0:07:30]} 12. O-O {[%emt 0:01:30]} Nbd7 {[%emt 0:03:30]} 13. Rfd1 {[%emt 0:00:30]} Qb6 {[%emt 0:08:30]} 14. Rac1 {[%emt 0:01:30]} Rac8 {[%emt 0:01:30]} 15. a3 {[%emt 0:10:30]} Be7 {[%emt 0:00:30]} 16. b4 {[%emt 0:03:30]} Rfd8 {[%emt 0:03:30]} 17. Ne5 {[%emt 0:12:30]} Nxe5 {[%emt 0:12:30]} 18. Bxe5 {[%emt 0:04:30]} Qc6 {[%emt 0:02:30]} 19. f3 {[%emt 0:04:30]} Qe8 {[%emt 0:01:30]} 20. Bg3 {[%emt 0:08:30]} 1/2-1/2

[Event "4th Chessfestival Gredine 2018"]
[Site "Ortisei"]
[Date "2018.06.23"]
[Round "8.1"]
[White "Saric, Ivan"]
[Black "Santos Latasa, Jaime"]
[Result "1-0"]
[WhiteElo "2685"]
[BlackElo "2567"]
[Annotator "TA"]
[PlyCount "65"]
[EventDate "2018.06.20"]
[EventType "swiss"]
[EventCountry "ITA"]
[SourceTitle "playchess.com"]
[Source "ChessBase"]
[SourceQuality "1"]

{[%evp 14,65,39,27,28,23,19,12,41,8,50,25,24,6,33,34,37,30,37,42,33,37,31,23,36,24,39,31,77,0,99,112,146,159,140,163,154,116,109,123,180,153,406,424,464,489,483,483,929,916,867,840,4134,1720]} 1. e4 c5 2. Nf3 d6 3. d4 cxd4 4. Nxd4 Nf6 5. Nc3 a6 6. h3 Nc6 7. g4 {B90: Sizilianisch (Najdorf-Variante, Abweichungen)} g6 (7... Qb6 8. Nb3 e6 9. g5 Nd7 10. h4 Qc7 11. Be3 b5 12. a3 Bb7 13. f4 Nc5 14. Bg2 Be7 {½-½ (24) Svidler,P (2755)-Artemiev,V (2682) Sochi 2017}) 8. Be3 {LiveBook: 4 Partien} Nxd4 9. Bxd4 {Weiß hat minimalen Vorteil.} Bh6 10. Qe2 $146 ({Vorgänger:} 10. Bxf6 exf6 11. Bc4 O-O 12. Qd3 b5 13. Bb3 Kh8 14. Rd1 b4 {½-½ (35) Kazoks,A (2341)-Hunger,H (2341) ICCF email 2016}) 10... O-O 11. Bg2 Bf4 (11... e5 $5 12. Be3 $8 Bxe3 13. Qxe3 b5 $11) 12. O-O Be6 13. Nd5 Bxd5 14. exd5 Nd7 15. Rae1 Be5 16. Bxe5 dxe5 17. f4 Qb6+ 18. Kh1 f6 19. c4 {[%cal Bc2c4,Bc4c5][%mdl 32]} Qd6 20. g5 Rf7 21. b4 (21. fxe5 $1 $16 Nxe5 22. h4) 21... b6 (21... Qxb4 $11 22. gxf6 Rxf6) 22. fxe5 $1 $16 Nxe5 {[#]} 23. c5 $1 {[%cal Rc5d6]} bxc5 24. bxc5 Qxc5 {[#]} 25. d6 $1 $36 {[%cal Rd6e7][%mdl 2560] Weiss bestimmt, wo es lang geht.} Re8 (25... Qxd6 26. Bxa8) 26. dxe7 ({Auf keinen Fall} 26. Qxa6 f5 $11) 26... Nd7 (26... Rfxe7 $16 27. gxf6 Re6) 27. Qxa6 $18 {[%cal Rg5f6]} Kg7 $2 {[#]} (27... Rexe7 $16 {war angesagt.} 28. Rxe7 (28. gxf6 Rxe1 29. Qa8+ Qf8 $11) 28... Qxe7) 28. Qc6 $1 {[%cal Rc6d7]} Qxc6 {Weiß steht klar auf Gewinn.} 29. Bxc6 Rexe7 30. Bd5 fxg5 (30... Rxe1 $142 31. Rxe1 Nb6) 31. Rxf7+ Rxf7 32. Bxf7 Kxf7 33. a4 {Precision: Weiß = 75%, Schwarz = 33%.} 1-0